Ekonomickej transformácii na Slovensku chýba koncovka - reálna hrozba bankrotov

Päť rokov po spustení ekonomickej transformácie na Slovensku neexistuje jeden zo základných ozdravných mechanizmov trhového prostredia - reálna hrozba bankrotov. Vo vyspelých štátoch sa pokladá za nevyhnutný predpoklad prosperity. Bankrotom sa podnik nelikviduje. Výška nákladov spojených s bankrotom...

Ausführliche Beschreibung

Gespeichert in:
Bibliographische Detailangaben
1. Verfasser: Švec, P.
Format: Buchkapitel
Sprache:Slowakisch
Schlagworte:
Tags: Tag hinzufügen
Keine Tags, Fügen Sie das erste Tag hinzu!

MARC

LEADER 00000naa a2200000 4500
001 r019288
005 20221213100801.2
041 0 |a slo 
044 |a SK 
245 1 0 |a Ekonomickej transformácii na Slovensku chýba koncovka - reálna hrozba bankrotov  |c P. Švec 
520 |a Päť rokov po spustení ekonomickej transformácie na Slovensku neexistuje jeden zo základných ozdravných mechanizmov trhového prostredia - reálna hrozba bankrotov. Vo vyspelých štátoch sa pokladá za nevyhnutný predpoklad prosperity. Bankrotom sa podnik nelikviduje. Výška nákladov spojených s bankrotom (najmä sociálne náklady). Bankroty urýchľujú reštrukturalizáciu podnikovej sféry. Potreba dlhodobého zabezpečenia finančných zdrojov podnikov. Súvislosti s procesom privatizácie. 
610 2 0 |a bankrot 
610 2 0 |a Slovensko 
610 2 0 |a transformácia 
610 2 0 |a podnik 
610 2 0 |a insolventnosť 
610 2 0 |a reštrukturalizácia 
100 1 |a Švec, P.